Bases sólidas : (Record no. 189309)

MARC details
000 -CABECERA
campo de control de longitud fija 00726nam a2200217 u 4500
005 - FECHA Y HORA DE LA ÚLTIMA TRANSACCIÓN
campo de control 20250704063920.0
008 - ELEMENTOS DE LONGITUD FIJA--INFORMACIÓN GENERAL
campo de control de longitud fija 170331s2007 fr r 000 0 spa d
020 ## - NÚMERO INTERNACIONAL NORMALIZADO PARA LIBROS
Número Internacional Estándar del Libro 9789233040410
035 ## - NÚMERO DE CONTROL DEL SISTEMA
Número de control de sistema UPN01000217209
049 ## - COLECCIÓN
Colección UNE
050 #4 - SIGNATURA TOPOGRÁFICA DE LA BIBLIOTECA DEL CONGRESO
Número de clasificación LB1139.23
Número de documento/Ítem B3.7
245 00 - MENCIÓN DE TÍTULO
Título Bases sólidas :
Resto del título atención y educación de la primera infancia /
Mención de responsabilidad, etc. dir. Nicholas Burnett.
260 ## - PUBLICACIÓN, DISTRIBUCIÓN, ETC.
Lugar de publicación, distribución, etc. Paris :
Nombre del editor, distribuidor, etc. UNESCO,
Fecha de publicación, distribución, etc. 2007.
300 ## - DESCRIPCIÓN FÍSICA
Extensión 415 p. :
Otras características físicas il., gráfs., cuadros
440 #0 - MENCIÓN DE SERIE/ASIENTO SECUNDARIO--TÍTULO
Título Informe de seguimiento de la EPT en el mundo 2013 ;
Designación de volumen o secuencia 7.
Nombre de parte o sección de la obra Educación para todos
650 #4 - ASIENTO SECUNDARIO DE MATERIA - TERMINO TEMATICO
Término de materia o nombre geográfico como elemento de entrada Educación de la primera infancia
9 (RLIN) 6933
650 #4 - ASIENTO SECUNDARIO DE MATERIA - TERMINO TEMATICO
Término de materia o nombre geográfico como elemento de entrada Cuidado del niño
9 (RLIN) 6392
700 1# - ASIENTO SECUNDARIO--NOMBRE DE PERSONAL
Nombre de persona Burnett, Nicholas,
Término indicativo de función/relación dir.
905 ## - TIPO DE MATERIAL
Tipo de material Libro
Holdings
Estado de retiro Estado de pérdida Fuente del sistema de clasificación o colocación Estado dañado No para préstamo Código de colección Localización permanente Ubicación/localización actual Ubicación en estantería Fecha de adquisición Clasificación Código de barras Fecha visto por última vez Número de copia Tipo de ítem Koha Total de préstamos Precio válido a partir de
    Library of Congress Classification   Disponible (Préstamo en sala) UNESCO Bib. Gregorio Torres Quintero Bib. Gregorio Torres Quintero Colecciones especiales Planta alta 03/02/2023 LB1139.23 B3.7 310754 31/12/2020 1 Libro    
    Library of Congress Classification   Disponible (Préstamo en sala)   Bib. Gregorio Torres Quintero Bib. Gregorio Torres Quintero Colecciones especiales Planta alta 22/03/2023 LB1139.23 B3.7 332184 22/03/2023 Ej.2 Libro   22/03/2023